[Event "Krakow op-B 25th"]
[Site "Krakow"]
[Date "2015.01.03"]
[Round "8"]
[White "Giannino, Domenico"]
[Black "Janus, Przemyslaw"]
[Result "0-1"]
[WhiteElo "2014"]
[BlackElo "2081"]
[PlyCount "102"]
[EventDate "2014.12.27"]
[EventType "swiss"]
[EventRounds "9"]
[EventCountry "POL"]
[SourceTitle "CBM 164 Extra"]
[Source "ChessBase"]
[SourceDate "2015.03.02"]
[SourceVersion "1"]
[SourceVersionDate "2015.03.02"]
[SourceQuality "1"]

1. e4 c5 2. Nf3 d6 3. d4 cxd4 4. Nxd4 Nf6 5. Nc3 g6 6. Be3 Bg7 7. f3 Nc6 8. Qd2 0-0 9. Bc4 Nd7 10. Bb3 Nb6 11. Nd5 Nxd5 12. exd5 Ne5 13. 0-0-0 Bd7 14. h4 a5 15. a3 Qc7 16. h5 Nc4 17. Bxc4 Qxc4 18. Bh6 Qa2 19. Qe3 Bf6 20. hxg6 fxg6 21. Qb3 Qxb3 22. Nxb3 Rfc8 23. Be3 Ba4 24. Kb1 Rc4 25. Na1 Bd7 26. b3 Rc7 27. Bb6 Rcc8 28. Bd4 a4 29. Bxf6 exf6 30. Kb2 h5 31. Rd4 Re8 32. Rhd1 Kf7 33. c4 Re3 34. R4d3 Rae8 35. Kc3 Bf5 36. Rxe3 Rxe3+ 37. Kd4 Re2 38. b4 Rxg2 39. c5 Bd7 40. Re1 dxc5+ 41. Kxc5 g5 42. Kd6 Bf5 43. Kc7 Rd2 44. d6 h4 45. b5 b6 46. Kxb6 Rxd6+ 47. Ka5 Rd5 48. Kxa4 Bd7 49. Kb4 Rxb5+ 50. Kc3 Rf5 51. Rf1 g4 0-1

[Event "Augsburg op"]
[Site "Augsburg"]
[Date "2013.12.29"]
[Round "6"]
[White "Knipfer, Andreas"]
[Black "Giannino, Domenico"]
[Result "1/2-1/2"]
[WhiteElo "1698"]
[BlackElo "2012"]
[PlyCount "39"]
[EventDate "2013.12.27"]
[EventType "swiss"]
[EventRounds "7"]
[EventCountry "GER"]
[SourceTitle "CBM 158 Extra"]
[Source "ChessBase"]
[SourceDate "2014.02.28"]
[SourceVersion "1"]
[SourceVersionDate "2014.02.28"]
[SourceQuality "1"]

1. e4 e5 2. Nf3 Nc6 3. Bc4 Bc5 4. c3 Nf6 5. d3 Bb6 6. Be3 0-0 7. 0-0 d5 8. exd5 Nxd5 9. Bxb6 axb6 10. Re1 Nf4 11. Re3 Bg4 12. Nbd2 Qf6 13. Qf1 Qg6 14. Kh1 Rfe8 15. Rc1 Qh5 16. d4 Ng6 17. Nxe5 Ncxe5 18. dxe5 Rxe5 19. f3 Bd7 20. Rxe5 1/2-1/2

[Event "Berlin Lichtenberger op 12th"]
[Site "Berlin"]
[Date "2013.08.25"]
[Round "9"]
[White "Giannino, Domenico"]
[Black "Millward, Kevin P"]
[Result "1/2-1/2"]
[WhiteElo "1989"]
[BlackElo "1920"]
[PlyCount "31"]
[EventDate "2013.08.17"]
[EventType "swiss"]
[EventRounds "9"]
[EventCountry "GER"]
[SourceTitle "CBM 156 Extra"]
[Source "ChessBase"]
[SourceDate "2013.10.22"]
[SourceVersion "1"]
[SourceVersionDate "2013.10.22"]
[SourceQuality "1"]

1. e4 g6 2. d4 Bg7 3. Nc3 d6 4. f4 a6 5. Be3 b5 6. Bd3 Nd7 7. Qd2 Bb7 8. 0-0-0 Ngf6 9. Nf3 b4 10. Ne2 Bxe4 11. Bxe4 Nxe4 12. Qxb4 Rb8 13. Qc4 c5 14. Nd2 Nxd2 15. Bxd2 0-0 16. b3 1/2-1/2

[Event "Berlin Lichtenberger op 12th"]
[Site "Berlin"]
[Date "2013.08.20"]
[Round "4"]
[White "Thorarinsson, Pall A"]
[Black "Giannino, Domenico"]
[Result "1-0"]
[WhiteElo "2222"]
[BlackElo "1989"]
[PlyCount "109"]
[EventDate "2013.08.17"]
[EventType "swiss"]
[EventRounds "9"]
[EventCountry "GER"]
[SourceTitle "CBM 156 Extra"]
[Source "ChessBase"]
[SourceDate "2013.10.22"]
[SourceVersion "1"]
[SourceVersionDate "2013.10.22"]
[SourceQuality "1"]

1. d4 d5 2. c4 c6 3. Nf3 Nf6 4. Nc3 e6 5. Bg5 dxc4 6. e4 b5 7. e5 h6 8. Bh4 g5 9. Nxg5 hxg5 10. Bxg5 Nbd7 11. exf6 Bb7 12. Be2 Qb6 13. 0-0 0-0-0 14. a4 b4 15. Ne4 c5 16. Nd2 Bh6 17. Nxc4 Qc7 18. Bxh6 Rxh6 19. f4 Nxf6 20. Bf3 Rxd4 21. Bxb7+ Kb8 22. Qe2 Kxb7 23. Ne5 Nd5 24. Qb5+ Qb6 25. Nxf7 Qxb5 26. axb5 Rg6 27. Ne5 Rg8 28. Nd7 Nxf4 29. Nxc5+ Kb6 30. Nb3 Rc4 31. g3 Ne2+ 32. Kh1 Rc2 33. Rf6 Rh8 34. Rxe6+ Kb7 35. Nc5+ Ka8 36. b6 Nxg3+ 37. Kg1 Rxc5 38. Rxa7+ Kb8 39. hxg3 Rb5 40. Rae7 b3 41. Re8+ Rxe8 42. Rxe8+ Kb7 43. Re3 Kxb6 44. Kf2 Ka5 45. Ke2 Kb4 46. Kd3 Rc5 47. g4 Kb5 48. Re2 Rg5 49. Rg2 Kb4 50. Ke4 Rg8 51. g5 Re8+ 52. Kf5 Rf8+ 53. Ke6 Rc8 54. g6 Rc2 55. Rg4+ 1-0

[Event "Berlin Lichtenberger op 12th"]
[Site "Berlin"]
[Date "2013.08.18"]
[Round "2"]
[White "Rietze, Clemens"]
[Black "Giannino, Domenico"]
[Result "1/2-1/2"]
[WhiteElo "2273"]
[BlackElo "1989"]
[PlyCount "108"]
[EventDate "2013.08.17"]
[EventType "swiss"]
[EventRounds "9"]
[EventCountry "GER"]
[SourceTitle "CBM 156 Extra"]
[Source "ChessBase"]
[SourceDate "2013.10.22"]
[SourceVersion "1"]
[SourceVersionDate "2013.10.22"]
[SourceQuality "1"]

1. e4 e5 2. Nf3 Nc6 3. Bc4 Bc5 4. b4 Bxb4 5. c3 Ba5 6. d4 exd4 7. 0-0 d6 8. Qb3 Qe7 9. cxd4 Bb6 10. Qc3 Nf6 11. Nbd2 0-0 12. e5 dxe5 13. dxe5 Nd7 14. e6 fxe6 15. Ne4 Nc5 16. Qc2 Nxe4 17. Qxe4 Qf6 18. Ba3 Re8 19. Rad1 Kh8 20. Bd3 g6 21. Bb5 e5 22. Bxc6 bxc6 23. Bb2 Bf5 24. Qa4 Kg8 25. Rfe1 Rad8 26. Bxe5 Rxd1 27. Qxd1 Qf7 28. Qa4 Qd5 29. h3 Be6 30. Qh4 Rf8 31. Kh2 Qd7 32. Re2 Bd5 33. Bg3 Bc5 34. Ne5 Qg7 35. Nxc6 Bxc6 36. Qc4+ Qf7 37. Qxc5 Qd5 38. Qxd5+ Bxd5 39. Bxc7 Kf7 40. f4 h5 41. Kg3 Rc8 42. Bd6 Re8 43. Rc2 Ke6 44. Re2+ Kd7 45. Be5 a6 46. Kh4 Re6 47. Kg5 Ke7 48. f5 gxf5 49. Kxf5 Kf7 50. Rd2 Bc6 51. g3 Re7 52. Kf4 Bd7 53. Bd6 Re1 54. Kg5 Bxh3 1/2-1/2

[Event "Pardubice op rap 24th"]
[Site "Pardubice"]
[Date "2013.07.18"]
[Round "6"]
[White "Giannino, Domenico"]
[Black "Dorst, Johannes"]
[Result "1-0"]
[WhiteElo "2007"]
[BlackElo "2236"]
[PlyCount "99"]
[EventDate "2013.07.17"]
[EventType "swiss (rapid)"]
[EventRounds "9"]
[EventCountry "CZE"]
[SourceTitle "CBM 155 Extra"]
[Source "ChessBase"]
[SourceDate "2013.08.26"]
[SourceVersion "1"]
[SourceVersionDate "2013.08.26"]
[SourceQuality "1"]

1. e4 c5 2. Nf3 d6 3. d4 cxd4 4. Nxd4 Nf6 5. Nc3 a6 6. Bc4 e6 7. Bb3 Nbd7 8. Be3 Nc5 9. f3 Be7 10. Qd2 0-0 11. 0-0-0 b5 12. Nc6 Qc7 13. Nxe7+ Qxe7 14. Qxd6 Nxb3+ 15. axb3 Qb7 16. e5 Ne8 17. Qd8 Nc7 18. Bc5 Re8 19. Ne4 f5 20. exf6 Rxd8 21. Rxd8+ Kf7 22. Nd6+ Kxf6 23. Nxb7 Bxb7 24. Rxa8 Bxa8 25. c4 e5 26. Bb6 Ne6 27. Rd1 Bc6 28. Rd6 Be8 29. Be3 a5 30. Ra6 a4 31. bxa4 bxa4 32. c5 Ke7 33. c6 Nc7 34. Bc5+ Ke6 35. Ra7 Nb5 36. Re7+ Kd5 37. Rxe8 Kxc5 38. Rxe5+ Kxc6 39. Re7 g5 40. Rxh7 Nd4 41. Kd2 Kd5 42. Rd7+ Kc4 43. Rxd4+ Kxd4 44. g3 Kc4 45. f4 gxf4 46. gxf4 Kb3 47. Kc1 Kc4 48. Kc2 Kd4 49. f5 Ke5 50. Kc3 1-0

[Event "Pardubice op rap 24th"]
[Site "Pardubice"]
[Date "2013.07.18"]
[Round "4"]
[White "Giannino, Domenico"]
[Black "Loucek, Vlastimil"]
[Result "0-1"]
[WhiteElo "2007"]
[BlackElo "2232"]
[PlyCount "60"]
[EventDate "2013.07.17"]
[EventType "swiss (rapid)"]
[EventRounds "9"]
[EventCountry "CZE"]
[SourceTitle "CBM 155 Extra"]
[Source "ChessBase"]
[SourceDate "2013.08.26"]
[SourceVersion "1"]
[SourceVersionDate "2013.08.26"]
[SourceQuality "1"]

1. e4 c5 2. Nf3 d6 3. d4 Nf6 4. Nc3 cxd4 5. Nxd4 g6 6. Be3 Bg7 7. Bc4 Ng4 8. Bb5+ Kf8 9. Bc1 Qb6 10. Nd5 Qxd4 11. Qxd4 Bxd4 12. Nc7 Bxf2+ 13. Ke2 Bc5 14. h3 Nf2 15. Bh6+ Kg8 16. Rhf1 Nxe4 17. Rf3 Nc6 18. Bxc6 bxc6 19. Nxa8 Ba6+ 20. Kd1 f5 21. Nc7 Bc8 22. g4 Kf7 23. gxf5 gxf5 24. Be3 Bb6 25. Bxb6 axb6 26. Na8 Rg8 27. Rf1 Ba6 28. Re1 Rxa8 29. c3 Rg8 30. Kc2 Bc4 0-1

[Event "Pardubice op rap 24th"]
[Site "Pardubice"]
[Date "2013.07.17"]
[Round "1"]
[White "Worek, Joanna"]
[Black "Giannino, Domenico"]
[Result "1-0"]
[WhiteElo "2332"]
[BlackElo "2007"]
[PlyCount "103"]
[EventDate "2013.07.17"]
[EventType "swiss (rapid)"]
[EventRounds "9"]
[EventCountry "CZE"]
[SourceTitle "CBM 155 Extra"]
[Source "ChessBase"]
[SourceDate "2013.08.26"]
[SourceVersion "1"]
[SourceVersionDate "2013.08.26"]
[SourceQuality "1"]

1. d4 d5 2. c4 c6 3. Nc3 Nf6 4. Nf3 e6 5. Bg5 dxc4 6. a4 Bb4 7. e3 Qa5 8. Qc2 Ne4 9. Qxe4 Bxc3+ 10. Kd1 Bxb2 11. Ra2 Qb4 12. Qc2 c3 13. a5 Nd7 14. Bd3 h6 15. Ra4 Qd6 16. Bf4 Qe7 17. Ne5 c5 18. Nc4 Nf6 19. Bd6 Qd8 20. Bxc5 Qc7 21. Ke2 Nd5 22. Nxb2 cxb2 23. Qxb2 Bd7 24. Raa1 Bc6 25. h3 Kd7 26. Bb5 Bxb5+ 27. Qxb5+ Qc6 28. Qxc6+ Kxc6 29. Rhc1 Kd7 30. Rab1 Rhb8 31. g3 b6 32. axb6 axb6 33. Bb4 Ra2+ 34. Bd2 f5 35. g4 b5 36. gxf5 exf5 37. Rc5 Kd6 38. Rb3 b4 39. Kd3 Ra3 40. Rxa3 bxa3 41. Ra5 Rb3+ 42. Kc4 Rb2 43. Rxd5+ Ke6 44. Re5+ Kf6 45. Bc3 Rxf2 46. Ra5 Rf3 47. d5+ Ke7 48. Ra7+ Ke8 49. d6 Rxe3 50. d7+ Ke7 51. Bb4+ Kd8 52. Ba5+ 1-0

[Event "Augsburg Afro op-A 18th"]
[Site "Augsburg"]
[Date "2011.08.07"]
[Round "7"]
[White "Giannino, Domenico"]
[Black "Meschke, Andreas"]
[Result "0-1"]
[WhiteElo "1990"]
[BlackElo "2168"]
[PlyCount "104"]
[EventDate "2011.08.04"]
[EventType "swiss"]
[EventRounds "7"]
[EventCountry "GER"]
[SourceTitle "EXT 2015"]
[Source "ChessBase"]
[SourceDate "2014.11.20"]
[SourceVersion "1"]
[SourceVersionDate "2014.11.20"]
[SourceQuality "1"]

1. e4 e5 2. Nf3 Nc6 3. Bb5 a6 4. Ba4 Nf6 5. 0-0 Be7 6. Re1 b5 7. Bb3 d6 8. c3 0-0 9. h3 Nb8 10. d4 Nbd7 11. Nbd2 Bb7 12. Bc2 Re8 13. Nf1 Bf8 14. Ng3 g6 15. Bg5 h6 16. Bc1 c5 17. Nh2 cxd4 18. cxd4 exd4 19. Qxd4 d5 20. e5 Rc8 21. Bb3 Nc5 22. Bxh6 Bxh6 23. exf6 Ne6 24. Qd1 Bg5 25. Ng4 Bxf6 26. Bxd5 Bxd5 27. Qxd5 Bxb2 28. Rad1 Qxd5 29. Rxd5 Red8 30. Ne3 Nf4 31. Rxd8+ Rxd8 32. Rd1 Rxd1+ 33. Nxd1 Bd4 34. Kf1 Nd5 35. Ke2 f5 36. Kd3 Be5 37. Kc2 Kf7 38. Ne2 Ke6 39. Kb3 Kd6 40. g4 fxg4 41. hxg4 Kc5 42. Nb2 Bxb2 43. Kxb2 Kc4 44. f4 Kd3 45. f5 Kxe2 46. fxg6 a5 47. g7 Ne7 48. Kc3 Ke3 49. a3 Ke4 50. g5 Ng8 51. g6 Ke3 52. a4 b4+ 0-1

[Event "Augsburg Afro op-A 18th"]
[Site "Augsburg"]
[Date "2011.08.05"]
[Round "4"]
[White "Hahn, Christoph"]
[Black "Giannino, Domenico"]
[Result "1/2-1/2"]
[WhiteElo "2187"]
[BlackElo "1990"]
[PlyCount "73"]
[EventDate "2011.08.04"]
[EventType "swiss"]
[EventRounds "7"]
[EventCountry "GER"]
[SourceTitle "EXT 2015"]
[Source "ChessBase"]
[SourceDate "2014.11.20"]
[SourceVersion "1"]
[SourceVersionDate "2014.11.20"]
[SourceQuality "1"]

1. d4 d5 2. Nf3 Nf6 3. e3 c6 4. b3 Bg4 5. Be2 e6 6. 0-0 Bd6 7. Bb2 0-0 8. c4 Nbd7 9. Nc3 Ne4 10. Nxe4 dxe4 11. Ne5 Bxe2 12. Qxe2 Qc7 13. Nxd7 Qxd7 14. f3 Qc7 15. f4 f5 16. Rac1 Qf7 17. Rfd1 Rfd8 18. Qe1 Rac8 19. Kh1 Bf8 20. Qh4 Be7 21. Qh3 Bf6 22. g4 g6 23. Rg1 Bg7 24. Qg2 c5 25. gxf5 Qxf5 26. dxc5 Bxb2 27. Qxb2 Rd3 28. Rce1 Rcd8 29. Qg2 Rd2 30. Re2 Rxe2 31. Qxe2 Qxc5 32. Qg4 Qf5 33. Qxf5 exf5 34. h4 Rd3 35. h5 Kg7 36. hxg6 hxg6 37. Rg3 1/2-1/2

[Event "Schwarzach op-B 20th"]
[Site "Schwarzach"]
[Date "2005.08.26"]
[Round "7.4"]
[White "Giannino, Domenico"]
[Black "Melde, Volker"]
[Result "0-1"]
[WhiteElo "1701"]
[BlackElo "1911"]
[PlyCount "144"]
[EventDate "2005.08.20"]
[EventType "swiss"]
[EventRounds "9"]
[EventCountry "AUT"]
[SourceTitle "EXT 2024"]
[Source "ChessBase"]
[SourceDate "2023.10.10"]
[SourceVersion "1"]
[SourceVersionDate "2023.10.10"]
[SourceQuality "1"]

1. e4 c5 2. c3 e6 3. d4 b6 4. d5 exd5 5. exd5 d6 6. Bb5+ Bd7 7. Bxd7+ Qxd7 8. Qe2+ Qe7 9. Be3 Nf6 10. c4 g6 11. Nf3 Bg7 12. 0-0 Ng4 13. Re1 Nxe3 14. Qxe3 Qxe3 15. Rxe3+ Kd7 16. Nc3 Bd4 17. Re4 f5 18. Re6 Bxc3 19. bxc3 Re8 20. Rae1 Rxe6 21. Rxe6 Na6 22. Ng5 Nc7 23. Rf6 Re8 24. Rf7+ Re7 25. Rxh7 Rxh7 26. Nxh7 Ke7 27. Ng5 b5 28. cxb5 Nxb5 29. c4 Na3 30. Ne6 Nxc4 31. Nc7 Ne5 32. Nb5 a6 33. Nc3 Kf6 34. f4 Nc4 35. Kf2 g5 36. g3 gxf4 37. gxf4 Kg6 38. Ke2 Kh5 39. Kd3 Nb6 40. a4 c4+ 41. Ke3 a5 42. h3 Kh4 43. Kd4 Kxh3 44. Nb5 Nxa4 45. Kxc4 Nb6+ 46. Kd4 Nc8 47. Ke3 Kg4 48. Nd4 Nb6 49. Nb5 a4 50. Kd4 a3 51. Nxa3 Kxf4 52. Nb5 Nc8 53. Nc3 Kf3 54. Nd1 f4 55. Nc3 Ne7 56. Kc4 Ke3 57. Nd1+ Kd2 58. Nf2 Nf5 59. Kb5 Ke2 60. Nh3 f3 61. Nf4+ Ke3 62. Nh3 f2 63. Nxf2 Kxf2 64. Kc6 Ke3 65. Kd7 Ke4 66. Ke6 Kd4 67. Kxf5 Kxd5 68. Kf4 Kd4 69. Kf3 Kd3 70. Kf2 Kd2 71. Kf3 d5 72. Kf4 d4 0-1

[Event "Schwarzach op-B 20th"]
[Site "Schwarzach"]
[Date "2005.08.24"]
[Round "5.6"]
[White "Giannino, Domenico"]
[Black "Schroeder, Frank3333"]
[Result "1/2-1/2"]
[WhiteElo "1701"]
[BlackElo "1906"]
[PlyCount "86"]
[EventDate "2005.08.20"]
[EventType "swiss"]
[EventRounds "9"]
[EventCountry "AUT"]
[SourceTitle "EXT 2024"]
[Source "ChessBase"]
[SourceDate "2023.10.10"]
[SourceVersion "1"]
[SourceVersionDate "2023.10.10"]
[SourceQuality "1"]

1. e4 c6 2. d4 d5 3. Nc3 dxe4 4. Nxe4 Nf6 5. Nxf6+ gxf6 6. Bf4 Bf5 7. Nf3 Nd7 8. Bd3 e6 9. Qd2 Bxd3 10. Qxd3 Qb6 11. 0-0-0 a5 12. Nd2 a4 13. Nc4 Qb5 14. Kb1 Qd5 15. Ne3 Qa5 16. Rhe1 0-0-0 17. Nc4 Qd5 18. Qc3 h5 19. a3 Rg8 20. Ka1 b6 21. Ne3 Qb5 22. d5 Nc5 23. dxe6 Rxd1+ 24. Rxd1 fxe6 25. Nc4 e5 26. Nxe5 fxe5 27. Qxe5 Nb3+ 28. cxb3 Qxe5 29. Bxe5 axb3 30. g3 c5 31. Rd3 c4 32. Rc3 b5 33. a4 Bb4 34. Rc1 Kb7 35. axb5 Rd8 36. Bf4 Bd2 37. Bxd2 Rxd2 38. Kb1 Rxf2 39. Rxc4 Kb6 40. Rc3 Rf1+ 41. Rc1 Rf2 42. Rc3 Rf1+ 43. Rc1 Rf2 1/2-1/2